Normal view MARC view

Entry Personal Name

Number of records used in: 1

001 - CONTROL NUMBER

  • control field: 9156

003 - CONTROL NUMBER IDENTIFIER

  • control field: DLC

005 - DATE AND TIME OF LATEST TRANSACTION

  • control field: 20221003144943.0

008 - FIXED-LENGTH DATA ELEMENTS

  • fixed length control field: 850214n| acannaab| |a aaa |||

010 ## - LIBRARY OF CONGRESS CONTROL NUMBER

  • LC control number: n 84180380

040 ## - CATALOGING SOURCE

  • Original cataloging agency: DLC
  • Transcribing agency: DLC
  • Modifying agency: DLC

100 10 - HEADING--PERSONAL NAME

  • Personal name: Priest, F. G.

400 10 - SEE FROM TRACING--PERSONAL NAME

  • Personal name: Priest, Fergus G.

670 ## - SOURCE DATA FOUND

  • Source citation: Computer-assisted bacterial systematics, 1985:
  • Information found: CIP t.p. (F.G. Priest, Dept. of Brewing and Biological Sciences, Heriot-Watt University, Edinburgh, UK)

670 ## - SOURCE DATA FOUND

  • Source citation: OCLC 12594790: His Extracellular enzymes, c1984
  • Information found: (Hdg.: Priest, Fergus G.; usage: Fergus G. Priest)

670 ## - SOURCE DATA FOUND

  • Source citation: Brown C.M. Introduction to biotechnology, 1987:
  • Information found: CIP t.p. (F.G. Priest, Ph.D.; sen. lecturer, Heriot Watt Univ., Edinburgh) data sheet (Fergus Graham Priest; b. 9-21-48)

Powered by Koha